An incomplete revenge #5 / Jacqueline Winspear.
Available copies
- 2 of 2 copies available at LARL/NWRL Consortium.
- 1 of 1 copy available at Lake Agassiz Regional Library. (Show preferred library)
Current holds
0 current holds with 2 total copies.
View other formats and editions
Show Only Available Copies
| Location | Call Number / Copy Notes | Barcode | Shelving Location | Status | Due Date |
|---|---|---|---|---|---|
| Moorhead Public Library | M WIN (Text) | 33500009572132 | Main | Available | - |
| Thief River Falls Public Library | WIN (Text) | 35500004188007 | Main | Available | - |
Record details
- ISBN: 9780805082159
- ISBN: 0805082158
- Physical Description: 306 p. ; 24 cm.
- Edition: 1st ed.
- Publisher: New York : H. Holt, 2008.
Search for related items by subject
| Genre: | Mystery fiction. |
Search for related items by series
| LDR | 01586cam a22004098a 4500 | ||
|---|---|---|---|
| 001 | 86833 | ||
| 003 | LARL_NWRL_CONSORTIUM | ||
| 005 | 20071227132510.0 | ||
| 008 | 070928s2008 nyu 000 1 eng | ||
| 020 | . | ‡a9780805082159 | |
| 020 | . | ‡a0805082158 | |
| 035 | . | ‡a(OCoLC)166378156 | |
| 043 | . | ‡ae-uk-en | |
| 082 | 0 | 0. | ‡a823/.92 ‡222 |
| 100 | 1 | . | ‡aWinspear, Jacqueline, ‡d1955- ‡0(LARL_NWRL_CONSORTIUM)133223 |
| 245 | 1 | 3. | ‡aAn incomplete revenge ‡n#5 / ‡cJacqueline Winspear. |
| 250 | . | ‡a1st ed. | |
| 260 | . | ‡aNew York : ‡bH. Holt, ‡c2008. | |
| 300 | . | ‡a306 p. ; ‡c24 cm. | |
| 490 | 0 | . | ‡aMaisie Dobbs ; ‡v5 |
| 650 | . | ‡aAdult Mystery | |
| 650 | 0. | ‡aDobbs, Maisie (Fictitious character) ‡vFiction. | |
| 650 | 0. | ‡aWomen private investigators ‡zEngland ‡zLondon ‡vFiction. | |
| 651 | 0. | ‡aGreat Britain ‡xHistory ‡yGeorge V, 1910-1936 ‡vFiction. | |
| 651 | 0. | ‡aKent (England) ‡vFiction. ‡0(LARL_NWRL_CONSORTIUM)168572 | |
| 650 | 0. | ‡aCity and town life ‡vFiction. ‡0(LARL_NWRL_CONSORTIUM)164072 | |
| 655 | 7. | ‡aMystery fiction. ‡2gsafd | |
| 901 | . | ‡a86833 ‡bOCLC ‡c86833 ‡tbiblio | |

Add to basket
Permalink
Disable Highlighting